[Event "Xtracon Chess Open 2018"]
[Site "Elsinore"]
[Date "2018.07.22"]
[Round "3"]
[White "Frisk, Hans"]
[Black "Woltery, Nicolai"]
[Result "0-1"]
[WhiteElo "2004"]
[BlackElo "1715"]
[EventDate "2018.07.21"]
[WhiteFideId "1708570"]
[BlackFideId "436887"]

1.Nf3 Nf6 2.e3 g6 3.c4 Bg7 4.Nc3 d6 5.d4 O-O 6.Be2 c5 7.d5 Nbd7 8.O-O a6 
9.a4 Ng4 10.h3 Nge5 11.Nxe5 Nxe5 12.e4 b6 13.Be3 a5 14.f4 Nd7 15.Qd2 Nb8 
16.Bf3 Na6 17.Rae1 Nb4 18.Bf2 Bd7 19.e5 Bf5 20.g4 Bd3 21.Be2 Bxe2 22.Rxe2 
Qd7 23.e6 fxe6 24.Rxe6 Rf6 25.Rfe1 Rxe6 26.Rxe6 Rf8 27.Qe2 Rf7 28.Qe4 Bf6 
29.Qe2 Bd4 30.Qe4 Bxf2+ 31.Kxf2 Rxf4+ 32.Qxf4 Nd3+ 33.Ke3 Nxf4 34.Kxf4 Qe8
35.Ke3 Qf8 36.Ne4 Qh6+ 37.Ke2 Kf8 38.Nxd6 exd6 39.Rf6+ Ke7 40.Rf3 Qg5 41.
b3 h5 42.gxh5 Qxh5 43.Kf2 Qh4+ 44.Ke2 g5 45.Kf1 Qe4 46.Kf2 Qd4+ 47.Kg2 
Qd2+ 48.Kg3 Qd4 49.Kg2 Kd8 50.Rf8+ Kc7 51.Rf7+ Kc8 52.Rf8+ Kb7 53.Rf7+ Ka6
54.Rf3 b5 55.axb5+ Kb6 56.Rg3 Qb2+ 57.Kg1 Qc1+ 58.Kg2 Qc2+ 59.Kg1 a4 60.
bxa4 Qxc4 0-1

[Event "Xtracon Chess Open 2018"]
[Site "Elsinore"]
[Date "2018.07.22"]
[Round "3"]
[White "Langvik, Ulrikke"]
[Black "Khlopushin, Dmitriy"]
[Result "0-1"]
[WhiteElo "1640"]
[BlackElo "2000"]
[EventDate "2018.07.21"]
[WhiteFideId "1517910"]
[BlackFideId "44147864"]

1.d4 d5 2.c4 e6 3.Nc3 Nf6 4.Nf3 Be7 5.e3 O-O 6.b3 c6 7.Bd3 Nbd7 8.O-O Re8 
9.Bb2 Bd6 10.Qc2 e5 11.cxd5 cxd5 12.Nb5 Bb8 13.dxe5 Nxe5 14.Bxe5 Bxe5 15.
Nxe5 Rxe5 16.Rfd1 Bg4 17.Rd2 Rc8 18.Qb2 Rg5 19.Nxa7 Ra8 20.f4 Rh5 21.Nb5 
Bd7 22.Nd4 Ng4 23.Be2 Qh4 24.Bxg4 Qxh2+ 25.Kf1 Bxg4 26.Nf3 Bxf3 27.gxf3 
Qh1+ 28.Ke2 Rh2+ 29.Kd3 Rxd2+ 30.Kxd2 Qg2+ 31.Kc3 Rc8+ 0-1

[Event "Xtracon Chess Open 2018"]
[Site "Elsinore"]
[Date "2018.07.22"]
[Round "3"]
[White "Jensen, Michael Agermose"]
[Black "Madison, Sigurd"]
[Result "1-0"]
[WhiteElo "1999"]
[BlackElo "1704"]
[EventDate "2018.07.21"]
[WhiteFideId "1408216"]
[BlackFideId "1711806"]

1.e4 e5 2.f4 d6 3.Nf3 Nf6 4.Nc3 Nbd7 5.Bc4 Be7 6.O-O Nb6 7.Bb3 O-O 8.d3 c6
9.f5 Nbd7 10.Ng5 Nc5 11.Bxf7+ Rxf7 12.Nxf7 Kxf7 13.g4 h6 14.h4 Qh8 15.Rf2 
h5 16.g5 Ng4 17.Rg2 Bd7 18.Qe2 a5 19.Be3 Nxe3 20.Qxe3 b5 21.Rf1 Rg8 22.Ne2
Nb7 23.Qa7 Nc5 24.Qxa5 Rb8 25.Qd2 Bd8 26.Ng3 Bb6 27.Kh1 d5 28.g6+ Kg8 29.
Qe2 dxe4 30.dxe4 Bd8 31.b4 Na4 32.Qd3 Rb7 33.Qb3+ Be6 34.Qxe6+ Kf8 35.Qc8 
Re7 36.Rd1 1-0

[Event "Xtracon Chess Open 2018"]
[Site "Elsinore"]
[Date "2018.07.22"]
[Round "3"]
[White "Emborg, Jens"]
[Black "Schmitt, Carsten"]
[Result "0-1"]
[WhiteElo "1545"]
[BlackElo "1997"]
[EventDate "2018.07.21"]
[WhiteFideId "1437534"]
[BlackFideId "24675253"]

1.e4 e6 2.d4 d5 3.exd5 exd5 4.Nf3 Nf6 5.Bd3 c5 6.Qe2+ Be7 7.dxc5 O-O 8.O-O
Bxc5 9.Bf4 Re8 10.Qd2 Qb6 11.c3 a5 12.Nd4 Ne4 13.Bxe4 dxe4 14.Na3 Qf6 15.
Nab5 Na6 16.Be3 Qg6 17.Ne2 Bf8 18.Nf4 Qc6 19.Nd4 Qd6 20.f3 Bd7 21.Rad1 
exf3 22.Rxf3 Bg4 23.Rg3 Bxd1 24.Qxd1 Rxe3 0-1

[Event "Xtracon Chess Open 2018"]
[Site "Elsinore"]
[Date "2018.07.22"]
[Round "3"]
[White "Bering, Anders"]
[Black "Knudsen, Jan"]
[Result "1-0"]
[WhiteElo "1995"]
[BlackElo "1659"]
[EventDate "2018.07.21"]
[WhiteFideId "1405810"]
[BlackFideId "1460803"]

1.e4 c5 2.Nf3 d6 3.d4 cxd4 4.Nxd4 Nf6 5.Nc3 a6 6.Be3 g6 7.f3 Bg7 8.Qd2 b5 
9.Bh6 Bxh6 10.Qxh6 Bb7 11.h4 Nbd7 12.Qe3 Rc8 13.a3 Qb6 14.Qd2 Ne5 15.O-O-O
Nc4 16.Bxc4 Rxc4 17.g4 b4 18.Na4 Qa5 19.b3 Rxd4 20.Qxd4 bxa3 21.g5 e5 22.
Qxd6 Nxe4 23.fxe4 Bxe4 24.Rhe1 Bf5 25.Rxe5+ 1-0

[Event "Xtracon Chess Open 2018"]
[Site "Elsinore"]
[Date "2018.07.22"]
[Round "3"]
[White "Jensen, Jonbert M. S."]
[Black "Rasmussen, Lars Garne"]
[Result "0-1"]
[WhiteElo "1481"]
[BlackElo "1995"]
[EventDate "2018.07.21"]
[WhiteFideId "1435914"]
[BlackFideId "1406434"]

1.e4 e5 2.Nf3 Nc6 3.Bb5 a6 4.Bxc6 dxc6 5.h3 Bc5 6.O-O f6 7.c3 Qd3 8.Re1 
Be6 9.b4 Ba7 10.Na3 O-O-O 11.Qe2 Qd7 12.Bb2 g5 13.Nh2 h5 14.d4 exd4 15.
cxd4 g4 16.h4 g3 17.fxg3 Bxd4+ 18.Bxd4 Qxd4+ 19.Qe3 Qxb4 20.Rab1 Qd4 21.
Qxd4 Rxd4 22.Nf3 Rd3 23.Nc2 Nh6 24.Nb4 Rd7 25.a3 Ng4 26.Rbd1 Rhd8 27.Rxd7 
Rxd7 28.Nc2 c5 29.Nh2 b5 30.Nxg4 Bxg4 31.Ne3 Be6 32.Rd1 Rxd1+ 33.Nxd1 b4 
34.axb4 cxb4 35.Kf2 a5 36.Nb2 Bb3 37.Ke2 a4 38.Nd3 Bc4 39.Kd2 Bxd3 40.Kxd3
Kd7 41.Kc4 b3 42.Kc3 Ke6 0-1

[Event "Xtracon Chess Open 2018"]
[Site "Elsinore"]
[Date "2018.07.22"]
[Round "3"]
[White "Koellner, Aaron Noah"]
[Black "Sundin, Sven-Ingvar"]
[Result "1-0"]
[WhiteElo "1992"]
[BlackElo "1567"]
[EventDate "2018.07.21"]
[WhiteFideId "12993085"]
[BlackFideId "1724517"]

1.d4 d5 2.Bf4 Nf6 3.e3 e6 4.Nd2 Bd6 5.Bg3 O-O 6.Bd3 c5 7.c3 Nc6 8.Ngf3 b6 
9.e4 dxe4 10.Nxe4 Nxe4 11.Bxe4 Bb7 12.dxc5 Bxc5 13.Qc2 f5 14.Bd3 Bd6 15.
Rd1 Bxg3 16.hxg3 Qf6 17.O-O e5 18.Bc4+ Kh8 19.Rd7 Na5 20.Be2 Bc6 21.Rd2 
Nb7 22.Rfd1 Rad8 23.Rxd8 Rxd8 24.Rxd8+ Nxd8 25.Qd2 g6 26.Nxe5 Qxe5 27.
Qxd8+ Kg7 28.Qd4 Qxd4 29.cxd4 Kf6 30.Bc4 b5 31.Bb3 a5 32.a3 Ke7 33.f3 Kd6 
34.Kf2 a4 35.Bg8 h6 36.Ke3 g5 37.Bf7 Bd7 38.Kd3 Bc6 39.Kc3 Bd7 40.Kb4 Bc6 
41.Ba2 Bd7 42.Bb1 Kd5 43.Bd3 Kxd4 44.Bxb5 Be6 45.Kxa4 Ke3 46.Bc6 Kf2 47.g4
Kxg2 48.gxf5 Bxf5 49.f4+ Kg3 50.fxg5 hxg5 51.b4 Kf4 52.b5 Be4 53.Bxe4 Kxe4
54.b6 1-0

[Event "Xtracon Chess Open 2018"]
[Site "Elsinore"]
[Date "2018.07.22"]
[Round "3"]
[White "Slettebo, Jan"]
[Black "Kharraziha, Hamid"]
[Result "1-0"]
[WhiteElo "1987"]
[BlackElo "1502"]
[EventDate "2018.07.21"]
[WhiteFideId "1704958"]
[BlackFideId "1726862"]

1.e4 e5 2.Nf3 Nc6 3.d4 exd4 4.Bc4 Nf6 5.e5 d5 6.Bb5 Ne4 7.Nxd4 Qh4 8.O-O 
Bd7 9.Bxc6 bxc6 10.Be3 c5 11.Nf3 Qg4 12.Qxd5 c6 13.Qc4 Nxf2 14.Nbd2 Qxc4 
15.Nxc4 Ne4 16.Rad1 Rb8 17.Bc1 Be7 18.Rfe1 Bf5 19.Nd6+ Bxd6 20.exd6 O-O 
21.Ne5 Rb6 22.g4 Nxd6 23.Rxd6 Bxc2 24.Nd7 1-0

[Event "Xtracon Chess Open 2018"]
[Site "Elsinore"]
[Date "2018.07.22"]
[Round "3"]
[White "Rosell, Sven"]
[Black "Hina, Ariza"]
[Result "1/2-1/2"]
[WhiteElo "1983"]
[BlackElo "1483"]
[EventDate "2018.07.21"]
[WhiteFideId "1707760"]
[BlackFideId "1525441"]

1.c4 c5 2.Nf3 Nf6 3.g3 g6 4.Bg2 Bg7 5.Nc3 Nc6 6.d4 cxd4 7.Nxd4 O-O 8.O-O 
Nxd4 9.Qxd4 d6 10.Qd3 Bf5 11.e4 Be6 12.b3 Qd7 13.Bb2 Bh3 14.Rad1 Bxg2 15.
Kxg2 Qc6 16.Nd5 Nxd5 17.cxd5 Qd7 18.Bxg7 Kxg7 19.Rc1 Rac8 20.Qd4+ f6 21.
Qxa7 Rxc1 22.Rxc1 Rc8 23.Rc4 Rxc4 24.bxc4 Qc8 25.Qd4 Qa8 26.Qb2 Qc8 27.Qb5
Kf7 28.h3 Qa8 29.Qb2 Qc8 30.Qb4 Qa8 31.a3 Qa7 32.Qc3 Qc5 33.Qd3 Qa7 34.Kf3
Qa4 35.Ke2 Kg7 36.Qc3 Kf7 37.Qd3 Kg7 38.Kf3 Kf7 39.Kg2 Qa5 40.Qe3 Qa4 41.
Qd3 Qa5 42.Qe3 Qa4 43.Qd3 1/2-1/2

[Event "Xtracon Chess Open 2018"]
[Site "Elsinore"]
[Date "2018.07.22"]
[Round "3"]
[White "Preuss, Flemming"]
[Black "Ji, Jiahao Eric"]
[Result "1-0"]
[WhiteElo "1971"]
[BlackElo "1463"]
[EventDate "2018.07.21"]
[WhiteFideId "1403338"]
[BlackFideId "1533371"]

1.e4 c5 2.b4 cxb4 3.a3 bxa3 4.Nxa3 d6 5.d4 Nf6 6.Bd3 Nc6 7.c3 e6 8.Qe2 Be7
9.f4 O-O 10.Nf3 Bd7 11.O-O Rc8 12.Bd2 a6 13.Nc2 Qc7 14.e5 dxe5 15.fxe5 Nd5
16.Qe4 g6 17.Rac1 Qb8 18.Ne3 Nxe3 19.Bxe3 Rfd8 20.Ng5 Bxg5 21.Bxg5 Re8 22.
Qh4 Ne7 23.Bxe7 1-0

[Event "Xtracon Chess Open 2018"]
[Site "Elsinore"]
[Date "2018.07.22"]
[Round "3"]
[White "Askerov, Imamali"]
[Black "Fjallheim, Benjamin Reinert"]
[Result "1-0"]
[WhiteElo "1970"]
[BlackElo "1375"]
[EventDate "2018.07.21"]
[WhiteFideId "12974498"]
[BlackFideId "7202008"]

1.e4 e5 2.Nf3 Nc6 3.d4 exd4 4.Bc4 Bc5 5.c3 Nf6 6.e5 Qe7 7.O-O Ng4 8.cxd4 
Bb6 9.a3 d6 10.h3 Nh6 11.Bg5 Qd7 12.exd6 Qxd6 13.Re1+ Kf8 14.d5 Bxf2+ 15.
Kxf2 Qc5+ 16.Be3 Qxc4 17.dxc6 Bf5 18.cxb7 1-0

[Event "Xtracon Chess Open 2018"]
[Site "Elsinore"]
[Date "2018.07.22"]
[Round "3"]
[White "Leutwyler, Martin"]
[Black "Larsen, Arne Walther"]
[Result "1-0"]
[WhiteElo "2185"]
[BlackElo "1750"]
[EventDate "2018.07.21"]
[WhiteFideId "1301969"]
[BlackFideId "1411357"]

1.d4 Nf6 2.c4 c5 3.d5 b5 4.Qc2 g6 5.e4 d6 6.cxb5 a6 7.Nc3 Bg7 8.Nf3 O-O 9.
a4 e6 10.dxe6 Bxe6 11.Be2 axb5 12.Bxb5 Na6 13.O-O Nb4 14.Qe2 Qb6 15.Bf4 
Ng4 16.Rfd1 Ne5 17.Nxe5 dxe5 18.Be3 f5 19.Bc4 Rac8 20.f3 Kh8 21.a5 Bxc4 
22.Qxc4 Qa6 23.Qxa6 Nxa6 24.Na4 c4 25.Rac1 f4 26.Bf2 Rfd8 27.Nb6 1-0

[Event "Xtracon Chess Open 2018"]
[Site "Elsinore"]
[Date "2018.07.22"]
[Round "3"]
[White "Gottschalck, Christian"]
[Black "Ramkilde, Mikael"]
[Result "1/2-1/2"]
[WhiteElo "1721"]
[BlackElo "1971"]
[EventDate "2018.07.21"]
[WhiteFideId "1428357"]
[BlackFideId "1439391"]

1.e4 e6 2.Nf3 d5 3.e5 c5 4.b4 cxb4 5.d4 Nc6 6.a3 bxa3 7.Bxa3 a6 8.Bxf8 
Kxf8 9.c3 Rb8 10.Nbd2 b5 11.Nb3 Nge7 12.Be2 h5 13.h4 Nf5 14.Qd2 g6 15.Rh3 
Kg7 16.Bd3 Re8 17.Bxf5 exf5 18.Kf1 a5 19.Nc5 a4 20.Ne1 Qb6 21.Ned3 Na5 22.
f4 Nc4 23.Qc1 Be6 1/2-1/2

[Event "Xtracon Chess Open 2018"]
[Site "Elsinore"]
[Date "2018.07.22"]
[Round "3"]
[White "Schrodt, Sebastian"]
[Black "Hansen, Tommy"]
[Result "0-1"]
[WhiteElo "1955"]
[BlackElo "1732"]
[EventDate "2018.07.21"]
[WhiteFideId "24675563"]
[BlackFideId "1511009"]

1.Nf3 d5 2.c4 d4 3.e3 Nc6 4.exd4 Nxd4 5.Nxd4 Qxd4 6.Nc3 e5 7.d3 Ne7 8.Be3 
Qd7 9.Be2 Nf5 10.Bg4 c6 11.O-O Qc7 12.Qf3 g6 13.Ne4 Be7 14.Bxf5 gxf5 15.
Nc3 Be6 16.a4 a5 17.b3 O-O-O 18.Rfd1 Rhg8 19.Rac1 f4 20.Nb5 Qd7 21.Ba7 Bd6
22.Nxd6+ Qxd6 23.Bb6 Bg4 24.Qe4 f5 25.Qe1 Rd7 26.Qxa5 Bxd1 27.Qa8+ Qb8 28.
Qxb8+ Kxb8 29.Rxd1 Rdg7 30.g3 fxg3 31.fxg3 h5 32.Re1 Re8 33.Bc5 Rg6 34.Kf2
Kc7 35.a5 h4 36.Be3 Kd7 37.gxh4 f4 38.Bb6 Rh6 39.Rg1 Rxh4 40.Rg2 Rh3 41.b4
Rxd3 42.Rg7+ Re7 43.Rg8 Ke6 44.b5 cxb5 45.cxb5 Rh7 46.Kg2 Ra3 47.h4 Rd7 
48.h5 Rd2+ 49.Kh1 Ra1+ 50.Rg1 Rxg1+ 51.Kxg1 Rb2 52.h6 Kf7 0-1

[Event "Xtracon Chess Open 2018"]
[Site "Elsinore"]
[Date "2018.07.22"]
[Round "3"]
[White "Saravana, Vedant Kumar"]
[Black "Henningsen, Lasse"]
[Result "0-1"]
[WhiteElo "1691"]
[BlackElo "1930"]
[EventDate "2018.07.21"]
[WhiteFideId "45059730"]
[BlackFideId "1425315"]

1.e4 e5 2.Nf3 Nc6 3.Bb5 a6 4.Ba4 Nf6 5.O-O Be7 6.Re1 b5 7.Bb3 Bb7 8.c3 d5 
9.exd5 Nxd5 10.Nxe5 Nxe5 11.Rxe5 Nf4 12.Bxf7+ Kxf7 13.Rf5+ Bf6 14.Rxf4 Qd3
15.Qf1 Be4 16.Qxd3 Bxd3 17.Rf3 Rhe8 18.Re3 Rad8 19.Na3 Bg5 20.Rxe8 Rxe8 
21.h3 Re1+ 22.Kh2 Bxd2 23.g3 Rxc1 24.Rxc1 Bxc1 25.Kg2 Bxb2 26.Nxb5 axb5 
27.Kf3 Bxc3 28.Ke3 Bc2 29.Ke2 b4 30.f4 c5 31.g4 c4 32.h4 b3 33.axb3 cxb3 
34.g5 b2 35.h5 b1=Q 0-1

[Event "Xtracon Chess Open 2018"]
[Site "Elsinore"]
[Date "2018.07.22"]
[Round "3"]
[White "Meyer, Juergen"]
[Black "Loveid, Erik"]
[Result "1/2-1/2"]
[WhiteElo "1908"]
[BlackElo "1715"]
[EventDate "2018.07.21"]
[WhiteFideId "24661759"]
[BlackFideId "1520067"]

1.e4 c6 2.d4 d5 3.e5 Bf5 4.c4 dxc4 5.Bxc4 e6 6.Nc3 Ne7 7.Nge2 Nd7 8.a3 Nb6
9.Bb3 Ned5 10.Ng3 Bg6 11.Nce4 h6 12.O-O Nc8 13.f4 Nce7 14.Nd6+ Kd7 15.Nxb7
Qb6 16.Nc5+ Kd8 17.Na4 Qb5 18.Nc3 Nxc3 19.bxc3 Rb8 20.Bc2 Bxc2 21.Qxc2 Qb3
22.Qxb3 Rxb3 23.Bd2 Nd5 24.Rfb1 Rxb1+ 25.Rxb1 Kc7 26.Kf2 g6 27.Ke2 Be7 28.
Ne4 f5 29.exf6 Nxf6 30.Nxf6 Bxf6 31.Kd3 h5 32.g3 Rd8 33.Ke4 Rd5 34.Be3 Ra5
35.Bc1 Rd5 36.h3 Kc8 37.Be3 Ra5 38.Bc1 Rd5 39.Be3 Ra5 40.Rb3 Be7 41.Bc1 
Bd6 42.c4 Rf5 43.c5 Bc7 44.Bd2 Rf7 45.Rb1 Rh7 46.Rf1 Rh8 47.Rf3 Rh7 48.Be1
Rf7 49.Bf2 Kb7 50.g4 hxg4 51.hxg4 Rh7 52.f5 exf5+ 53.gxf5 gxf5+ 54.Kxf5 
Rf7+ 55.Ke4 Rxf3 56.Kxf3 Kc8 57.Ke4 Kd7 58.d5 cxd5+ 59.Kxd5 Kc8 60.Kc6 Bd8
61.Bg3 a6 62.a4 Ba5 63.Be5 Bb4 64.Kb6 Bxc5+ 1/2-1/2

[Event "Xtracon Chess Open 2018"]
[Site "Elsinore"]
[Date "2018.07.22"]
[Round "3"]
[White "Tulliez, Andre"]
[Black "O`Gorman, Alice"]
[Result "1/2-1/2"]
[WhiteElo "1678"]
[BlackElo "1898"]
[EventDate "2018.07.21"]
[WhiteFideId "45107181"]
[BlackFideId "2508214"]

1.e4 d5 2.exd5 Nf6 3.Bb5+ Nbd7 4.Nc3 a6 5.Ba4 b5 6.Bb3 Nb6 7.h3 Bb7 8.Nf3 
Nfxd5 9.Nxd5 Nxd5 10.O-O e6 11.d3 Be7 12.Re1 O-O 13.a4 c5 14.Qe2 Qc7 15.
Bg5 Bxg5 16.Nxg5 c4 17.dxc4 Nf4 18.Qe5 Qxe5 19.Rxe5 f6 20.Nxe6 fxe5 21.
Nxf8 Kxf8 22.axb5 axb5 23.Rxa8+ Bxa8 24.cxb5 Ke7 25.Bg8 Be4 26.c3 Kd6 27.
f3 Bd3 28.Kf2 h6 29.c4 Bf5 30.g4 Bd7 31.Ke3 Kc5 32.Ke4 Nxh3 33.Kxe5 Nf2 
34.b4+ Kb6 35.Kd6 Bc8 36.Be6 Bxe6 37.Kxe6 Nd3 38.Kf5 Ne1 39.Ke4 Nc2 40.Kf5
Nd4+ 41.Ke4 Nb3 42.Kd5 Nd2 43.f4 Nf1 44.Kd6 Ne3 45.c5+ Kxb5 46.c6 Nc4+ 47.
Kd7 Nb6+ 48.Ke6 Kxc6 49.Kf7 Nd5 50.Kxg7 Nxf4 51.Kxh6 Kb5 1/2-1/2

[Event "Xtracon Chess Open 2018"]
[Site "Elsinore"]
[Date "2018.07.22"]
[Round "3"]
[White "Alfven, Jorgen"]
[Black "Sorokin, Artem"]
[Result "1-0"]
[WhiteElo "1896"]
[BlackElo "1660"]
[EventDate "2018.07.21"]
[WhiteFideId "1715950"]
[BlackFideId "44133561"]

1.d4 d5 2.Nf3 c6 3.g3 Nf6 4.Bg2 g6 5.O-O Bg7 6.Na3 O-O 7.c4 Nbd7 8.cxd5 
cxd5 9.Bf4 Nh5 10.Bg5 Ndf6 11.Qb3 Ne4 12.Rad1 b6 13.Nb5 h6 14.Bc1 f5 15.
Ne5 Rf6 16.Nc7 Qxc7 17.Qxd5+ e6 18.Qxa8 Rf8 19.Qc6 Bxe5 20.Bxe4 fxe4 21.
Qxe4 Bf6 22.Bxh6 Rf7 23.Qxg6+ Ng7 24.Bxg7 Bxg7 25.Rc1 Qd7 26.Rfd1 Bb7 27.
e4 Rf6 28.Qg4 Qf7 29.Qe2 Qg6 30.d5 Rf4 31.f3 exd5 32.Kh1 Rf8 33.exd5 Qf5 
34.Qe4 Qg5 35.Rc7 Bc8 36.d6 Bf5 37.Qd5+ Kh8 38.g4 1-0

[Event "Xtracon Chess Open 2018"]
[Site "Elsinore"]
[Date "2018.07.22"]
[Round "3"]
[White "Rasmussen, Jonas H"]
[Black "Jorgensen, Orla Eilegaard"]
[Result "1-0"]
[WhiteElo "1892"]
[BlackElo "1639"]
[EventDate "2018.07.21"]
[WhiteFideId "1511637"]
[BlackFideId "1413368"]

1.d4 Nf6 2.Nf3 g6 3.Bf4 Bg7 4.h3 d6 5.e3 O-O 6.Bd3 Nbd7 7.O-O Re8 8.Bh2 e5
9.dxe5 dxe5 10.Bc4 e4 11.Nd4 Nb6 12.Bb3 a6 13.Nc3 c5 14.Nde2 c4 15.Ba4 
Nxa4 16.Qxd8 Rxd8 17.Nxa4 Nd5 18.Rfd1 Be6 19.Nf4 Nxf4 20.Bxf4 b5 21.Nb6 
Rxd1+ 22.Rxd1 Ra7 23.Rd8+ Bf8 24.Bh6 1-0

[Event "Xtracon Chess Open 2018"]
[Site "Elsinore"]
[Date "2018.07.22"]
[Round "3"]
[White "Bernstein, Jonas August"]
[Black "Moller, Arne Vang"]
[Result "1/2-1/2"]
[WhiteElo "1661"]
[BlackElo "1890"]
[EventDate "2018.07.21"]
[WhiteFideId "1532154"]
[BlackFideId "1406175"]

1.d4 Nf6 2.c4 e6 3.Nc3 Bb4 4.Qc2 c5 5.dxc5 Bxc5 6.Bf4 a6 7.Nf3 O-O 8.e3 
Nc6 9.Be2 Be7 10.h3 d6 11.Rd1 Qc7 12.c5 e5 13.cxd6 Bxd6 14.Bh2 h6 15.O-O 
Be6 16.Rd2 Rfd8 17.Rfd1 Rd7 18.Nh4 Rad8 19.Nf5 Bf8 20.Rxd7 Rxd7 21.Ng3 Nb4
22.Qb1 Rxd1+ 23.Bxd1 Qd7 24.Be2 Nfd5 25.Nxd5 Bxd5 26.a3 Nc6 27.Nf1 Be6 28.
Bg3 Bf5 1/2-1/2

[Event "Xtracon Chess Open 2018"]
[Site "Elsinore"]
[Date "2018.07.22"]
[Round "3"]
[White "Fjallheim, Leif Reinert"]
[Black "Kreken, Eivind Grunt"]
[Result "1-0"]
[WhiteElo "1886"]
[BlackElo "1626"]
[EventDate "2018.07.21"]
[WhiteFideId "7201788"]
[BlackFideId "1532359"]

1.e4 e6 2.d4 c5 3.Be3 cxd4 4.Bxd4 Nc6 5.Bc3 Nf6 6.Bd3 Bc5 7.Nf3 d6 8.O-O 
O-O 9.e5 Nxe5 10.Nxe5 dxe5 11.Bxe5 Bd7 12.Bxf6 Qxf6 13.Qh5 g6 14.Qxc5 Qxb2
15.Qc3 1-0

[Event "Xtracon Chess Open 2018"]
[Site "Elsinore"]
[Date "2018.07.22"]
[Round "3"]
[White "Shehzad, Alisha"]
[Black "Skaale, Janus"]
[Result "0-1"]
[WhiteElo "1650"]
[BlackElo "1867"]
[EventDate "2018.07.21"]
[WhiteFideId "1521926"]
[BlackFideId "7201575"]

1.e4 c5 2.Nf3 d6 3.d4 cxd4 4.Nxd4 Nf6 5.Nc3 g6 6.Be3 Bg7 7.Be2 Nc6 8.Nb3 
O-O 9.O-O Be6 10.f4 a6 11.Bf3 Rc8 12.Nd5 Bxd5 13.exd5 Na5 14.Qe2 Nd7 15.c3
Nc4 16.Bd4 Nf6 17.Rfe1 Re8 18.g3 Nb6 19.Qg2 Na4 20.Rad1 b5 21.Be3 Nd7 22.
Nd4 Nb8 23.Nc6 Nxc6 24.dxc6 e6 25.g4 d5 26.f5 Rxc6 27.fxe6 fxe6 28.Bc1 Nb6
29.g5 Kh8 30.h4 Nd7 31.Bf4 Rc4 32.Bg3 Rc6 33.Qe2 Qb6+ 34.Bf2 Qc7 35.Bxd5 
Rd6 36.Kh1 Ne5 37.Bg2 Rxd1 38.Rxd1 Rf8 39.Bd4 Qc4 40.Qxc4 Nxc4 41.Bxg7+ 
Kxg7 42.Rd7+ Kh8 43.Re7 Rf4 44.Rxe6 Rxh4+ 45.Kg1 Rg4 46.Rxa6 Ne3 47.Ra8+ 
Kg7 48.Ra7+ Kg8 49.Ra8+ Kf7 50.Ra7+ Ke6 51.Rxh7 Rxg2+ 52.Kh1 Rxg5 53.Ra7 
Nd1 54.a4 bxa4 55.Ra6+ Ke7 56.Rxa4 Nxb2 57.Rb4 Nd3 58.Re4+ Kf6 59.Ra4 Rc5 
60.c4 Nb2 61.Ra6+ Kg5 62.Ra2 Nxc4 63.Rc2 Kh6 64.Rh2+ Rh5 65.Rxh5+ Kxh5 66.
Kg2 Kg4 67.Kh2 Kf3 68.Kh3 g5 69.Kh2 g4 70.Kg1 g3 71.Kf1 g2+ 72.Kg1 Ne5 73.
Kh2 Kf2 74.Kh3 g1=Q 75.Kh4 Qg4# 0-1

[Event "Xtracon Chess Open 2018"]
[Site "Elsinore"]
[Date "2018.07.22"]
[Round "3"]
[White "Jensen, Torben W."]
[Black "Nielsen, Henrik Wendelbo"]
[Result "0-1"]
[WhiteElo "1615"]
[BlackElo "1831"]
[EventDate "2018.07.21"]
[WhiteFideId "1515942"]
[BlackFideId "1412302"]

1.e4 e6 2.d4 d5 3.Nd2 Nf6 4.e5 Nfd7 5.f4 c5 6.c3 Nc6 7.Nb3 a5 8.Nf3 a4 9.
Nbd2 Qb6 10.dxc5 Bxc5 11.Qe2 O-O 12.b4 Be7 13.a3 f6 14.exf6 Nxf6 15.c4 Nd4
16.Qd3 Nxf3+ 17.Nxf3 dxc4 18.Qd4 Qxd4 19.Nxd4 Rd8 20.Bb2 c3 21.Bxc3 Nd5 
22.Bb2 Nxf4 23.g3 Nd5 24.Bh3 Ne3 25.Rc1 Bf6 26.Rxc8 Raxc8 27.Bxe6+ Kh8 28.
Bxc8 Rxc8 29.Ke2 Re8 30.Kd3 Ng4 31.Kc4 Ne5+ 32.Kb5 Nc6 33.Rd1 Kg8 34.Kc4 
Rd8 35.b5 Ne5+ 36.Kb4 Nf3 37.Kc4 b6 38.h3 Ne5+ 39.Kc3 Rc8+ 40.Kb4 Rc4# 0-1

[Event "Xtracon Chess Open 2018"]
[Site "Elsinore"]
[Date "2018.07.22"]
[Round "3"]
[White "Pavlov, Mikhail"]
[Black "Knudsen, Martin Mosgaard"]
[Result "1-0"]
[WhiteElo "1830"]
[BlackElo "1590"]
[EventDate "2018.07.21"]
[WhiteFideId "44126573"]
[BlackFideId "1436937"]

1.e4 e6 2.d4 d5 3.e5 c5 4.c3 Nc6 5.Be3 cxd4 6.cxd4 Bd7 7.Nc3 Rc8 8.Nf3 f6 
9.Bd3 fxe5 10.Nxe5 Nxe5 11.dxe5 Qh4 12.O-O Nh6 13.h3 Nf5 14.Bxf5 exf5 15.
Qxd5 f4 16.e6 Bc6 17.Qf5 Qf6 18.Qxf4 a6 19.Rfe1 Qg6 20.Qg5 Qf6 21.Qg4 Be7 
22.Bd4 Qg5 23.Qxg5 Bxg5 24.Ne4 Bxe4 25.Rxe4 O-O 26.Bc3 Rfe8 27.Rd1 Rc7 28.
f4 Bh4 29.f5 Be7 30.Rd7 Bc5+ 31.Kh1 Rxd7 32.exd7 Rxe4 33.d8=Q+ 1-0

[Event "Xtracon Chess Open 2018"]
[Site "Elsinore"]
[Date "2018.07.22"]
[Round "3"]
[White "Rasmussen, Ole"]
[Black "Syndergaard, Stig"]
[Result "0-1"]
[WhiteElo "1577"]
[BlackElo "1830"]
[EventDate "2018.07.21"]
[WhiteFideId "1417118"]
[BlackFideId "1432435"]

1.e4 c6 2.d4 d5 3.Nd2 dxe4 4.Nxe4 Nf6 5.Nxf6+ exf6 6.g3 Bd6 7.Ne2 Bg4 8.
Qd3 Qa5+ 9.Bd2 Qd5 10.Rg1 Qf3 11.Qe3+ Kd7 12.Qxf3 Bxf3 13.O-O-O Re8 14.Re1
Kd8 15.Be3 c5 16.Bh3 c4 17.Nc3 a6 18.d5 Nd7 19.Na4 Bc7 20.Nc3 b5 21.a3 Nb6
22.Bg2 Bxg2 23.Rxg2 Kd7 24.f4 Rad8 25.Rge2 Kc8 26.Bxb6 Rxe2 27.Rxe2 Bxb6 
28.Re7 Rd7 29.Rxd7 Kxd7 30.Kd2 Kd6 31.b4 cxb3 32.cxb3 Bd4 33.Ne2 Kxd5 34.
Kd3 Bb6 35.Nc3+ Ke6 36.Ne4 Bg1 37.h3 h6 38.g4 f5 39.Ng3 fxg4 40.hxg4 Bh2 
41.Ne2 f5 42.Nd4+ Kf6 43.Nxf5 Bxf4 44.Ke4 g6 45.Nd4 Be5 46.Nc6 Bc7 47.a4 
Kg5 48.Kf3 bxa4 49.bxa4 h5 50.gxh5 Kxh5 51.a5 Bd6 52.Nd8 g5 53.Nb7 Be7 54.
Kg2 Kg4 55.Kh2 Kf4 56.Kg2 Ke4 0-1

[Event "Xtracon Chess Open 2018"]
[Site "Elsinore"]
[Date "2018.07.22"]
[Round "3"]
[White "Jorgensen, Alexander Torp"]
[Black "Lye, Sverre"]
[Result "0-1"]
[WhiteElo "1803"]
[BlackElo "1405"]
[EventDate "2018.07.21"]
[WhiteFideId "1434187"]
[BlackFideId "1539353"]

1.d4 Nf6 2.Nf3 g6 3.Bf4 Bg7 4.e3 d6 5.Bd3 O-O 6.O-O Nh5 7.Bg5 Re8 8.c3 Nd7
9.Nbd2 Nhf6 10.a4 e5 11.e4 exd4 12.cxd4 c5 13.d5 Ne5 14.Nxe5 Rxe5 15.f4 
Re8 16.Nc4 Qc7 17.Qc2 Bd7 18.Rad1 a6 19.Nxd6 Qxd6 20.e5 Qb6 21.exf6 c4+ 
22.Qf2 Qxf2+ 23.Kxf2 cxd3 24.fxg7 Bxa4 25.Rd2 Kxg7 26.f5 Re2+ 27.Rxe2 dxe2
28.f6+ Kf8 29.Rc1 Bb5 30.d6 Rd8 31.Bf4 Ke8 32.Rc7 g5 33.Re7+ Kf8 34.Rxb7 
gxf4 0-1

[Event "Xtracon Chess Open 2018"]
[Site "Elsinore"]
[Date "2018.07.22"]
[Round "3"]
[White "Keymer, Cecilia"]
[Black "Rygg, Andreas Gangstad"]
[Result "1/2-1/2"]
[WhiteElo "1380"]
[BlackElo "1759"]
[EventDate "2018.07.21"]
[WhiteFideId "16233468"]
[BlackFideId "1527754"]

1.d4 Nf6 2.Nf3 g6 3.c4 Bg7 4.Nc3 d5 5.cxd5 Nxd5 6.e4 Nxc3 7.bxc3 O-O 8.Be3
c5 9.Qd2 cxd4 10.cxd4 Nc6 11.Rd1 Bg4 12.Be2 Qa5 13.O-O Rfd8 14.Qxa5 Nxa5 
15.Rd2 Rac8 16.h3 Bxf3 17.gxf3 Nc4 18.Bxc4 Rxc4 19.Rfd1 b6 20.Kg2 Rdc8 21.
Kg3 b5 22.d5 a5 23.Bd4 Bxd4 24.Rxd4 b4 25.Rxc4 Rxc4 26.Rd2 a4 27.Rb2 Kg7 
28.Kg2 Kf6 29.Kf1 Ke5 30.Kg2 Kd4 31.Rd2+ Kc3 32.Re2 Rd4 33.Re3+ Rd3 34.
Rxd3+ Kxd3 35.e5 1/2-1/2

[Event "Xtracon Chess Open 2018"]
[Site "Elsinore"]
[Date "2018.07.22"]
[Round "3"]
[White "Schnell, Andrea"]
[Black "Hyldkrog, Lars"]
[Result "0-1"]
[WhiteElo "1270"]
[BlackElo "1961"]
[EventDate "2018.07.21"]
[WhiteFideId "16208587"]
[BlackFideId "1402781"]

1.d4 Nf6 2.Bf4 d5 3.e3 Bf5 4.c3 e6 5.Nf3 h6 6.Be2 Bd6 7.Bxd6 Qxd6 8.Nbd2 
O-O 9.Ne5 c5 10.h3 Nc6 11.Ndf3 cxd4 12.exd4 Rac8 13.Bd3 Bxd3 14.Qxd3 Nd7 
15.Nxd7 Qxd7 16.Ne5 Nxe5 17.dxe5 Rc4 18.O-O Rfc8 19.Rac1 Qc7 20.Qe3 d4 21.
cxd4 Rxc1 22.Rxc1 Qxc1+ 0-1

[Event "Xtracon Chess Open 2018"]
[Site "Elsinore"]
[Date "2018.07.22"]
[Round "3"]
[White "Haraldsson, Leif"]
[Black "Svane, Freja"]
[Result "1-0"]
[WhiteElo "1942"]
[BlackElo "1608"]
[EventDate "2018.07.21"]
[WhiteFideId "1710648"]
[BlackFideId "12940100"]

1.f4 d5 2.Nf3 Nf6 3.g3 c5 4.Bg2 Nc6 5.c3 b6 6.O-O Bb7 7.d4 e6 8.e3 Be7 9.
Nbd2 O-O 10.Ne5 Rc8 11.h3 cxd4 12.exd4 a5 13.Qe1 b5 14.f5 Qc7 15.g4 Nd7 
16.fxe6 Ndxe5 17.dxe5 Nxe5 18.exf7+ Nxf7 19.Nf3 Nd6 20.Nd4 Bf6 21.Ne6 Qd7 
22.Nxf8 Rxf8 23.Bf4 Re8 24.Qd2 Nc4 25.Qf2 Ba8 26.Rad1 a4 27.Bc1 a3 28.b3 
Na5 29.Bxa3 1-0